000 00346nam a2200109Ia 4500
008 171204s9999 xx 000 0 und d
245 _a3D Game Textures: Create Professional Game Art Using Photoshop:
245 _cLuke Ahearn
260 _c2016
650 _xAdvanced 3D Computer Animation
856 _uhttp://down.ebook777.com/039/1138920061.pdf
999 _c346243
_d346243